| 000 | 00768nam a2200217Ii 4500 | ||
|---|---|---|---|
| 003 | JO-AjNU | ||
| 008 | 230605s9999||||xx |||||||||||||| ||und|| | ||
| 017 | _a79/4618 | ||
| 020 | _a977-306-082-9 | ||
| 040 |
_aJO-AjNU _bara _erda _cJO-AjNU |
||
| 041 | _aara | ||
| 050 | 1 | 4 | _aP90.R3732 1979 |
| 100 | 3 |
_aرشتى، جيهان أحمد تأليف , _eauthor _939789 |
|
| 245 | 0 | 0 | _aالإعلام الدولي بالراديو والتليفزيون |
| 264 | 3 | 1 | _aالقاهرة:دار الفكر العربي,1979 |
| 300 | _a351ص | ||
| 336 |
_atext _btxt _2rdacontent |
||
| 337 |
_aunmediated _bn _2rdamedia |
||
| 338 |
_avolume _bnc _2rdacarrier |
||
| 650 | 4 |
_aالإعلام الدولي-الإعلام الدولي بالراديو والتليفزيون _939790 |
|
| 999 |
_aA16834 _c20402 _d20402 |
||